Aeropuertos más activos de Europa - Estadísticas

Estadísticas generales
  • Esta prueba ha sido intentada 3.895 veces
    2.555 desde el último reinicio
  • La puntuación promedio es 35 de 50
Estadísticas de respuestas
# Ciudad % Correcto
60,2 M Madrid
99%
49,9 M Barcelona
98%
40,9 M Londres (Gatwick)
97%
79,2 M Londres (Heathrow)
97%
16,2 M Londres (Luton)
97%
28,0 M Londres (Stansted)
97%
67,4 M París (Charles de Gaulle)
97%
32,3 M París (Orly)
97%
40,5 M Roma
95%
11,5 M Berlín (Schönefeld)
93%
23,1 M Berlín (Tegel)
93%
26,1 M Milán (Malpensa)
86%
16,0 M Milán (Orio al Serio)
86%
19,9 M Moscú (Domodedovo)
86%
36,6 M Moscú (Sheremetyevo)
86%
14,5 M Moscú (Vnukovo)
86%
61,9 M Ámsterdam
84%
25,1 M Oslo
84%
33,5 M Dublín
82%
36,6 M Lisboa
81%
28,2 M Atenas
80%
22,2 M Bruselas
80%
21,8 M Estocolmo
78%
37,0 M Múnich
76%
18,5 M Varsovia
76%
29,5 M Viena
76%
14,7 M Budapest
75%
15,3 M Helsinki
72%
13,8 M Praga
71%
28,1 M Mánchester
69%
14,6 M Bucarest
68%
12,4 M Nápoles
66%
26,8 M Copenhague
65%
76,2 M Estambul
64%
10,7 M Marsella
64%
15,2 M Oporto
64%
59,4 M Fráncfort
62%
31,1 M Palma
61%
28,9 M Zúrich
59%
22,3 M Málaga
53%
10,8 M Venecia
51%
20,4 M San Petersburgo
50%
13,6 M Hamburgo
44%
14,4 M Edimburgo
41%
11,3 M Birmingham
33%
16,5 M Ginebra
32%
15,7 M Alicante
28%
14,2 M Niza
28%
19,1 M Düsseldorf
27%
10,7 M Catania
10%
No se encontraron pruebas coincidentes
Distribución de puntuación
Porcentaje de gente con cada puntuación
Porcentaje por número respondido
Historial de tus puntuaciones
No has intentado esta prueba desde el último reinicio